Challenging ourselves : (Record no. 8644)
[ view plain ]
| 000 -LEADER | |
|---|---|
| fixed length control field | 00795nam a22002177a 4500 |
| 003 - CONTROL NUMBER IDENTIFIER | |
| control field | SISC |
| 005 - DATE AND TIME OF LATEST TRANSACTION | |
| control field | 20160404145154.0 |
| 008 - FIXED-LENGTH DATA ELEMENTS--GENERAL INFORMATION | |
| fixed length control field | 130814t xxu||||| |||| 00| 0 eng d |
| 020 ## - INTERNATIONAL STANDARD BOOK NUMBER | |
| International Standard Book Number | 1551380684 |
| 050 ## - LIBRARY OF CONGRESS CALL NUMBER | |
| Classification number | HM 132 |
| Item number | .C54 1996 |
| 082 ## - DEWEY DECIMAL CLASSIFICATION NUMBER | |
| Classification number | HS 158.2 |
| Item number | C54 1996 |
| 110 ## - MAIN ENTRY--CORPORATE NAME | |
| Corporate name or jurisdiction name as entry element | The Metropolitan Toronto school Board. |
| 9 (RLIN) | 10511 |
| 245 ## - TITLE STATEMENT | |
| Title | Challenging ourselves : |
| Remainder of title | towards gender equity and violence-free relationship / |
| Statement of responsibility, etc | The metropolitan Toronto school board |
| 260 ## - PUBLICATION, DISTRIBUTION, ETC. (IMPRINT) | |
| Place of publication, distribution, etc | Canada : |
| Name of publisher, distributor, etc | Pembroke Publishers Limited, |
| Date of publication, distribution, etc | c1996. |
| 300 ## - PHYSICAL DESCRIPTION | |
| Extent | 109 p. : |
| Other physical details | ill. ; |
| Dimensions | 28 cm. |
| 650 ## - SUBJECT ADDED ENTRY--TOPICAL TERM | |
| Topical term or geographic name as entry element | Interpersonal relations |
| General subdivision | study and teaching |
| -- | Secondary |
| 9 (RLIN) | 10512 |
| 650 ## - SUBJECT ADDED ENTRY--TOPICAL TERM | |
| Topical term or geographic name as entry element | Sexism |
| General subdivision | study and teaching |
| 9 (RLIN) | 10513 |
| 650 ## - SUBJECT ADDED ENTRY--TOPICAL TERM | |
| Topical term or geographic name as entry element | Conflict management |
| General subdivision | study and teaching |
| 9 (RLIN) | 10514 |
| 942 ## - ADDED ENTRY ELEMENTS (KOHA) | |
| Source of classification or shelving scheme | Library of Congress Classification |
| Koha item type | Books |
| Withdrawn status | Lost status | Source of classification or shelving scheme | Damaged status | Home library | Current library | Shelving location | Date acquired | Total Checkouts | Full call number | Barcode | Date last seen | Copy number | Price effective from | Koha item type |
|---|---|---|---|---|---|---|---|---|---|---|---|---|---|---|
| Library of Congress Classification | Luxembourg Library | Luxembourg Library | High School Section | 08/14/2013 | HM 132 .C54 1996 | 7533 | 04/04/2016 | 1 | 08/14/2013 | Books |